Size, growth, profits and executive compensation in the large corporations (Record no. 28199)

MARC details
000 -LEADER
fixed length control field 00316nam a2200109Ia 4500
082 ## - DEWEY DECIMAL CLASSIFICATION NUMBER
Classification number 658.1
Item number SMY
100 ## - MAIN ENTRY--AUTHOR NAME
Personal name Smyth, David J
245 #0 - TITLE STATEMENT
Title Size, growth, profits and executive compensation in the large corporations
260 ## - PUBLICATION, DISTRIBUTION, ETC. (IMPRINT)
Place of publication London
Name of publisher Macmillan
Year of publication 1975
942 ## - ADDED ENTRY ELEMENTS (KOHA)
Koha item type Books
Holdings
Withdrawn status Lost status Damaged status Not for loan Home library Current library Date acquired Cost, normal purchase price Full call number Accession Number Koha item type
        RRII Library RRII Library 16/12/2021 10.00 658.1 SMY 08807 Books